Contested Spaces Concerted Projects /anglais (Record no. 11947)

000 -LEADER
fixed length control field 00331 a2200133 4500
003 - CONTROL NUMBER IDENTIFIER
control field OSt
005 - DATE AND TIME OF LATEST TRANSACTION
control field 20240110140241.0
008 - FIXED-LENGTH DATA ELEMENTS--GENERAL INFORMATION
fixed length control field 240110b ||||| |||| 00| 0 eng d
020 ## - INTERNATIONAL STANDARD BOOK NUMBER
International Standard Book Number 978-8862424837
100 ## - MAIN ENTRY--PERSONAL NAME
Personal name Jacopo Leveratto
245 ## - TITLE STATEMENT
Title Contested Spaces Concerted Projects /anglais
260 ## - PUBLICATION, DISTRIBUTION, ETC. (IMPRINT)
Name of publisher, distributor, etc Lettera ventidue
942 ## - ADDED ENTRY ELEMENTS (KOHA)
Source of classification or shelving scheme
Holdings
Withdrawn status Lost status Source of classification or shelving scheme Damaged status Koha normalized classification for sorting Not for loan Permanent location Current location Date acquired Source of acquisition Cost, normal purchase price Total Checkouts Full call number Barcode Date last seen Date last borrowed Cost, replacement price Price effective from Koha item type
        363_690000000000000   BMS College of Architecture, Design and Planning BMS College of Architecture, Design and Planning 2024-01-10 10 1296.88 3 363.69 AR-UG3338 2025-06-30 2025-06-30 1852.69 2024-01-10 UG Books
Copyright © 2025, The Librarian, Library and Information Centre, BMSCA D&P, Bengaluru. All Rights Reserved
web counter

Powered by Koha